| 000 | 00819nam a22002417a 4500 | ||
|---|---|---|---|
| 999 |
_c13037 _d13037 |
||
| 003 | AR-CdUCM | ||
| 008 | 190411b ||||| |||| 00| 0 spa d | ||
| 040 |
_aMUNICIPALIDAD PROVINCIAL DEL CUSCO _cBIBLIOTECA MUNICIPAL DEL CUSCO |
||
| 082 |
_a301. 2 / _bM22 / 1903 |
||
| 100 |
_aManouvrier, L. _931212 |
||
| 245 | _aLa antropología y el derecho / | ||
| 260 |
_aMadrid : _bViuda de Rodriguez Serra, _c1903. |
||
| 300 |
_a157 páginas ; _c17 cm. |
||
| 440 |
_aBiblioteca de filosofía y sociología ; _n14 _931213 |
||
| 500 | _aDedicatoria | ||
| 505 | _aContenido: La antropología y el derecho. | ||
| 650 |
_aAntropología _9878 |
||
| 650 |
_aDerecho _9739 |
||
| 650 |
_aCiencias modernas _931214 |
||
| 700 |
_aLombardia y Sánchez, Francisco (traductor) _931215 |
||
| 942 |
_2ddc _cLIBROS |
||
| 945 |
_aacv _d2019-04-11 |
||